<?xml version="1.0" encoding="UTF-8"?>
<collection xmlns="http://www.loc.gov/MARC21/slim">
 <record>
  <leader>06265nam a2200385 a 4500</leader>
  <controlfield tag="001">kal5809</controlfield>
  <controlfield tag="003">Gr-AtHEAL</controlfield>
  <controlfield tag="005">20160425070908.0</controlfield>
  <controlfield tag="006">m        d        </controlfield>
  <controlfield tag="008">160413s2015    gr      s           gre|c</controlfield>
  <datafield tag="020" ind1=" " ind2=" ">
   <subfield code="a">9789606031311</subfield>
  </datafield>
  <datafield tag="040" ind1=" " ind2=" ">
   <subfield code="a">GR-AtHEAL</subfield>
   <subfield code="b">gre</subfield>
   <subfield code="c">GR-AtHEAL</subfield>
  </datafield>
  <datafield tag="082" ind1="0" ind2="4">
   <subfield code="a">610.69</subfield>
   <subfield code="2">23</subfield>
  </datafield>
  <datafield tag="100" ind1="1" ind2=" ">
   <subfield code="a">Λιονής, Χρήστος.</subfield>
   <subfield code="8">982</subfield>
  </datafield>
  <datafield tag="245" ind1="1" ind2="0">
   <subfield code="a">Σχέση ιατρού-ασθενή</subfield>
   <subfield code="h">[Ηλεκτρονικός πόρος] </subfield>
   <subfield code="b">Οδηγίες για μία αποτελεσματική επικοινωνία. Για φοιτητές ιατρικής και ειδικευόμενους ιατρούς στη γενική / οικογενειακή / ιατρική</subfield>
   <subfield code="c">Λιονής, Χρήστος ; κ.α. ; Κριτικός αναγνώστης,Τατσιώνη, Αθηνά ; Γραφιστική επιμέλεια,Τσαγκαράκης, Βασίλης ; Τεχνική επιμέλεια,Παναγιωτάκης, Νικόλαος ; Γλωσσική επιμέλεια,Κατσέλη, Ιωάννα.</subfield>
  </datafield>
  <datafield tag="260" ind1=" " ind2=" ">
   <subfield code="a">Αθήνα :</subfield>
   <subfield code="b">Σύνδεσμος Ελληνικών Ακαδημαϊκών Βιβλιοθηκών,</subfield>
   <subfield code="c">c2015.</subfield>
  </datafield>
  <datafield tag="490" ind1=" " ind2=" ">
   <subfield code="a">Ακαδημαϊκά Ηλεκτρονικά Συγγράμματα και Βοηθήματα Κάλλιπος</subfield>
   <subfield code="8">40</subfield>
  </datafield>
  <datafield tag="520" ind1=" " ind2=" ">
   <subfield code="a">Το Τμήμα Ιατρικής της Σχολής Επιστημών Υγείας του Πανεπιστημίου Κρήτης έχει συμπεριλάβει, από της ίδρυσής του ανάμεσα στα κατ' επιλογήν υποχρεωτικά μαθήματα του Α' εξαμήνου το μάθημα Σχέση Ιατρού-Ασθενούς. Οι σελίδες που ακολουθούν αντιστοιχούν στις παραδόσεις του μαθήματος αυτού που διδάχθηκαν στην περίοδο 1991–2014. Η παρούσα προσπάθεια βασιζεται στις σημειώσεις των παραδόσεων ώστε να μορφοποιηθούν σε θεματικές ενότητες και να μετατραπούν σε γραπτό λόγο. Οι δυσκολίες της προσπάθειας αυτής υπήρξαν πολλές, με πιο σημαντική την απουσία ελληνικής βιβλιογραφίας αλλά και συστηματικής έρευνας στη χώρα μας για το συγκεκριμένο αντικείμενο. Ακόμα, δεν αγνοείται το γεγονός ότι η ανάλυση της σχέσης ιατρού-ασθενούς απαιτεί διεπιστημονική και διατομεακή προσέγγιση που σήμερα δεσπόζει στην προπτυχιακή διδασκαλία στις σχολές επιστημών υγείας στη σύγχρονη Ευρώπη. Είναι γνωστό στον υπογράφοντα ότι η ανάπτυξη του θέματος που αφορά τη σχέση ιατρού-ασθενούς δεν είναι πλήρης, αφού σημαντικές θεματικές ενότητες όπως: ο απαιτητικός, ο νευρωτικός και γενικά o ψυχιατρικός άρρωστος, η παρακολούθηση του αρρώστου μετά την επίσκεψη στο ιατρείο, ο άρρωστος στο νοσοκομείο. Στην προετοιμασία των σημειώσεων έχουν βοηθήσει αρκετά οι συνεργάτες κ. Χ. Ψαρουδάκη, η πρώην γραμματέας του Τομέα Κοινωνικής Ιατρικής κ. Μ. Ανδριανάκη και η ερευνήτρια-Ιατρός Γενικής Ιατρικής κ. Φ. Αναστασίου. Στη προετοιμασία των σημειώσεων έχουν βοηθήσει στη συγγραφή επί μέρους κεφαλαίων επίσης, η συνεργάτιδα της Κλινικής Κοινωνικής και Οικογενειακής Ιατρικής κ. Ε. Πιτέλου αλλά και ηκ. Γ. Ασπράκη, Ανθρωπολόγο, ο κ. Ν. Γεωργιάννο, Ιατρό Γενικής Ιατρικής, η κ. Ε. Ιατράκη, Κοινωνική Λειτουργό και Ψυχολόγο. ο στόχος του Πανεπιστημιακού αυτού μαθήματος είναι να βοηθήσει το νεαρό ιατρό να καταλάβει τις στάσεις και τη συμπεριφορά του αρρώστου του, προκειμένου να τον καταστήσει ικανό μιας επιτυχημένης σχέσης. Η παρούσα εκδοσή θα χρησιμοποιηθεί ως το κύριο εκπαιδευτικό σύγγραμα για τις ανάγκες του μαθήματος του Πανεπιστημίου Κρήτης</subfield>
  </datafield>
  <datafield tag="650" ind1=" " ind2="0">
   <subfield code="a">Physician - patient relations</subfield>
   <subfield code="8">2340</subfield>
  </datafield>
  <datafield tag="650" ind1=" " ind2="0">
   <subfield code="a">Therapy</subfield>
   <subfield code="8">2341</subfield>
  </datafield>
  <datafield tag="653" ind1=" " ind2=" ">
   <subfield code="a">Σχέση ιατρού-ασθενούς</subfield>
  </datafield>
  <datafield tag="653" ind1=" " ind2=" ">
   <subfield code="a">Επιστήμες υγείας</subfield>
   <subfield code="a">Ιατρική</subfield>
   <subfield code="a">Κλινική ιατρική</subfield>
  </datafield>
  <datafield tag="700" ind1="1" ind2=" ">
   <subfield code="a">Ραζής, Νικόλαος</subfield>
   <subfield code="e">Συγγραφέας</subfield>
   <subfield code="8">983</subfield>
  </datafield>
  <datafield tag="700" ind1="1" ind2=" ">
   <subfield code="a">Μαρκάκη, Αδελαΐς</subfield>
   <subfield code="e">Συγγραφέας</subfield>
   <subfield code="8">984</subfield>
  </datafield>
  <datafield tag="700" ind1="1" ind2=" ">
   <subfield code="a">Γεωργιάννος, Νικόλαος</subfield>
   <subfield code="e">Συγγραφέας</subfield>
   <subfield code="8">985</subfield>
  </datafield>
  <datafield tag="700" ind1="1" ind2=" ">
   <subfield code="a">Ασπράκη, Γαβριέλλα</subfield>
   <subfield code="e">Συγγραφέας</subfield>
   <subfield code="8">986</subfield>
  </datafield>
  <datafield tag="700" ind1="1" ind2=" ">
   <subfield code="a">Αλεξιάδης, Αριστείδης-Δημήτρης</subfield>
   <subfield code="e">Συγγραφέας</subfield>
   <subfield code="8">987</subfield>
  </datafield>
  <datafield tag="700" ind1="1" ind2=" ">
   <subfield code="a">Πιτέλου, Ελένη</subfield>
   <subfield code="e">Συγγραφέας</subfield>
   <subfield code="8">2342</subfield>
  </datafield>
  <datafield tag="700" ind1="1" ind2=" ">
   <subfield code="a">Ιατράκη, Ελίζα</subfield>
   <subfield code="e">Συγγραφέας</subfield>
   <subfield code="8">989</subfield>
  </datafield>
  <datafield tag="700" ind1="1" ind2=" ">
   <subfield code="a">Τατσιώνη, Αθηνά</subfield>
   <subfield code="e">Κριτικός αναγνώστης</subfield>
   <subfield code="8">990</subfield>
  </datafield>
  <datafield tag="856" ind1="4" ind2="0">
   <subfield code="u">http://hdl.handle.net/11419/5809</subfield>
   <subfield code="z">Πλήρες Κείμενο - Full text</subfield>
  </datafield>
  <datafield tag="907" ind1=" " ind2=" ">
   <subfield code="a">.b25680572</subfield>
   <subfield code="b">12-06-18</subfield>
   <subfield code="c">29-07-16</subfield>
  </datafield>
  <datafield tag="949" ind1=" " ind2=" ">
   <subfield code="0">0</subfield>
   <subfield code="1">0</subfield>
   <subfield code="2">ddc</subfield>
   <subfield code="4">0</subfield>
   <subfield code="6">610_690000000000000_ΛΙΟ</subfield>
   <subfield code="7">0</subfield>
   <subfield code="8">KALL</subfield>
   <subfield code="8">816</subfield>
   <subfield code="d">2016-04-13</subfield>
   <subfield code="r">2016-04-13</subfield>
   <subfield code="w">2016-04-13</subfield>
   <subfield code="z">610.69 ΛΙΟ</subfield>
   <subfield code="o">SEAB KALLIPOS</subfield>
  </datafield>
  <datafield tag="998" ind1=" " ind2=" ">
   <subfield code="a">80</subfield>
   <subfield code="a">01</subfield>
   <subfield code="a">02</subfield>
   <subfield code="a">03</subfield>
   <subfield code="a">04</subfield>
   <subfield code="a">05</subfield>
   <subfield code="a">06</subfield>
   <subfield code="a">07</subfield>
   <subfield code="a">08</subfield>
   <subfield code="a">09</subfield>
   <subfield code="a">10</subfield>
   <subfield code="a">11</subfield>
   <subfield code="a">12</subfield>
   <subfield code="a">13</subfield>
   <subfield code="a">14</subfield>
   <subfield code="a">15</subfield>
   <subfield code="a">16</subfield>
   <subfield code="a">17</subfield>
   <subfield code="a">18</subfield>
   <subfield code="a">19</subfield>
   <subfield code="a">20</subfield>
   <subfield code="a">21</subfield>
   <subfield code="a">22</subfield>
   <subfield code="a">23</subfield>
   <subfield code="a">24</subfield>
   <subfield code="a">25</subfield>
   <subfield code="a">26</subfield>
   <subfield code="b">16-06-17</subfield>
   <subfield code="c">m</subfield>
   <subfield code="d">z  </subfield>
   <subfield code="e">-</subfield>
   <subfield code="f">gre</subfield>
   <subfield code="g">gr </subfield>
   <subfield code="h">0</subfield>
  </datafield>
  <datafield tag="942" ind1=" " ind2=" ">
   <subfield code="2">ddc</subfield>
   <subfield code="c">KALLIPOS</subfield>
  </datafield>
 </record>
</collection>
